000 00336nam a2200133 i 4500
001 bg
100 1 _aWOŁOSZ, J.
245 0 _aBiblioteczna współpraca międzynarodowa :
_bwybrane probleny /
_cJ.Wołosz.
260 _aWarszsawa,
_c1987.
040 _cBPK
041 _apol
942 _cKS
008 s pl f |000 0 pol
999 _c28588
_d28588
856 _uhttp://koha.tu.koszalin.pl/cgi-bin/koha/opac-detail.pl?biblionumber=28588
_yKatalog online BPK